00661nam a2200217Ia 450000500170000000800410001704000190005804100120007708200160008910000180010524500830012326000320020630000100023850400210024865000180026970000190028785000100030694200070031699900170032395201030034020230323132612.0131103s9999 xx 000 0 und d aLoreto College aEnglish a822.91bKOP aBernard, Kops 4aThe Dream of Peter Manncby Bernard Kops; with an introduction by Mervyn Jones aLondonbPenguin Booksc1960 a92p.  aInclude appendix aEnglish drama aJones, Mervyn  aLCLIB cBK c22372d72851 00102ddc4070aMAINbMAINd2013-11-04l0o822.91 KOP 16152pB24750r2013-11-04w2013-11-04yBKf